Лекции по линейной алгебре и аналитической геометрии: учебное пособие

Dettagli Bibliografici
Autore principale: Барышева В. К. Валентина Кирилловна
Ente Autore: Национальный исследовательский Томский политехнический университет (ТПУ)
Altri autori: Пахомова Е. Г. Елена Григорьевна, Рожкова О. В. Ольга Владимировна
Riassunto:Заглавие с титульного экрана
Электронная версия печатной публикации
Пособие представляет собой конспект лекций по курсу «Линейная алгебра и аналитическая геометрия» для студентов АВТФ и ЭТО ТПУ. Оно содержит необходимый теоретический материал по данному курсу и упражнения, которые позволяют закрепить полученные теоретические знания. Пособие предназначено для студентов технических вузов
Режим доступа: из корпоративной сети ТПУ
Lingua:russo
Pubblicazione: Томск, Изд-во ТПУ, 2010
Soggetti:
Accesso online:http://www.lib.tpu.ru/fulltext2/m/2011/m192.pdf
Natura: MixedMaterials Elettronico Libro
KOHA link:https://koha.lib.tpu.ru/cgi-bin/koha/opac-detail.pl?biblionumber=196416

MARC

LEADER 00000nlm0a2200000 4500
001 196416
005 20231101224706.0
035 |a (RuTPU)RU\TPU\book\214279 
090 |a 196416 
100 |a 20110524d2010 m y0rusy50 ca 
101 0 |a rus 
102 |a RU 
105 |a a j 001zy 
135 |a drcn ---uucaa 
181 0 |a i  
182 0 |a b 
200 1 |a Лекции по линейной алгебре и аналитической геометрии  |b Электронный ресурс  |e учебное пособие  |f В. К. Барышева, Е. Г. Пахомова, О. В. Рожкова  |g Национальный исследовательский Томский политехнический университет (ТПУ) 
203 |a Текст  |c электронный 
210 |a Томск  |c Изд-во ТПУ  |d 2010 
230 |a 1 компьютерный файл (pdf; 867 КБ) 
300 |a Заглавие с титульного экрана 
300 |a Электронная версия печатной публикации 
330 |a Пособие представляет собой конспект лекций по курсу «Линейная алгебра и аналитическая геометрия» для студентов АВТФ и ЭТО ТПУ. Оно содержит необходимый теоретический материал по данному курсу и упражнения, которые позволяют закрепить полученные теоретические знания. Пособие предназначено для студентов технических вузов 
333 |a Режим доступа: из корпоративной сети ТПУ 
337 |a Adobe Reader 
452 1 |0 (RuTPU)RU\TPU\book\212665  |t Лекции по линейной алгебре и аналитической геометрии  |o учебное пособие  |f В. К. Барышева, Е. Г. Пахомова, О. В. Рожкова  |g Национальный исследовательский Томский политехнический университет (ТПУ)  |c Томск  |n Изд-во ТПУ  |d 2010  |p 152 с.  |a Барышева, Валентина Кирилловна 
606 1 |a Линейная алгебра  |2 stltpush  |3 (RuTPU)RU\TPU\subj\40174  |9 60039 
606 1 |a Аналитическая геометрия  |2 stltpush  |3 (RuTPU)RU\TPU\subj\28991  |9 52410 
610 1 |a электронный ресурс 
610 1 |a труды учёных ТПУ 
610 1 |a системы линейных уравнений 
610 1 |a определители 
610 1 |a векторная алгебра 
610 1 |a векторы 
610 1 |a линейные операторы 
610 1 |a прямые линии 
610 1 |a плоскости 
610 1 |a кривые линии 
610 1 |a поверхности 
610 1 |a лекции 
610 1 |a учебные пособия 
675 |a 512.64(075.8)  |v 3 
675 |a 514.12(075.8)  |v 3 
700 1 |a Барышева  |b В. К.  |g Валентина Кирилловна 
701 1 |a Пахомова  |b Е. Г.  |c российский математик  |c доцент Томского политехнического университета, кандидат физико-математических наук  |f 1969-  |g Елена Григорьевна  |2 stltpush  |3 (RuTPU)RU\TPU\pers\25969 
701 1 |a Рожкова  |b О. В.  |c российский математик  |c доцент Томского политехнического университета, кандидат физико-математических наук  |f 1966-  |g Ольга Владимировна  |2 stltpush 
712 0 2 |a Национальный исследовательский Томский политехнический университет (ТПУ)  |c (2009- )  |2 stltpush  |3 (RuTPU)RU\TPU\col\15902 
801 1 |a RU  |b 63413507  |c 20110524 
801 2 |a RU  |b 63413507  |c 20110524  |g RCR 
856 4 |u http://www.lib.tpu.ru/fulltext2/m/2011/m192.pdf 
942 |c CF